000 00448nam a2200181Ia 4500
008 220531s9999 xx 000 0 und d
041 _aeng
082 _bSIN
100 _aSingh, Yogender
_946851
245 _aIndian Sociology : Social Conditioning Remerging Concepts
250 _a1ST
260 _bVistar
_c2004
300 _a145
542 _d14-07-2004
650 _aSociology
_946852
906 _d2008-2009
999 _c27542
_d27542